000 00453nam a22001697a 4500
003 NUST - PNEC
005 20170116180845.0
008 150803b xxu||||| |||| 00| 0 eng d
020 _a-
040 _cLIBRARY
082 _a510 AYR
100 _94769
_a Ayres, Frank,
245 _aSchaum's outline of theory and problems of First year college mathematics
_c Frank,Ayres,
260 _cc 1958
650 _95460
_aMathematics
_xME
942 _2ddc
_cBK
999 _c64458
_d64458